Lojalitné programy v podnikoch služieb ako nástroj na riadenie vzťahov so zákazníkmi diplomová práca

Gespeichert in:
Bibliographische Detailangaben
1. Verfasser: Draškovičová, Jana
Körperschaft: Obchodná fakulta EU. Katedra služieb a cestovného ruchu - zrušené
Weitere Verfasser: Michalová, Valéria
Format: Buch
Sprache:Slowakisch
Veröffentlicht: Bratislava 2013
Tags: Tag hinzufügen
Keine Tags, Fügen Sie das erste Tag hinzu!

MARC

LEADER 00000nbm a2200000 4500
001 0178142
005 20170315090441.2
041 0 |a slo 
044 |a SK 
245 1 0 |a Lojalitné programy v podnikoch služieb ako nástroj na riadenie vzťahov so zákazníkmi  |b diplomová práca  |c Jana Draškovičová ; školiteľ: Valéria Michalová 
264 1 |a Bratislava  |c 2013 
300 |a 67 s. 
100 1 |a Draškovičová, Jana 
700 1 |a Michalová, Valéria 
710 2 |a Obchodná fakulta EU. Katedra služieb a cestovného ruchu - zrušené